| 000 | 00730nmm a2200265 a 4500 | ||
|---|---|---|---|
| 003 | AR-BaBNM | ||
| 005 | 20251128203210.0 | ||
| 008 | 116019s1986 ||||||||||||||000 | spa|| | ||
| 020 | _a950-9293-35-4 | ||
| 040 | _cAR-BaBNM | ||
| 100 | 1 |
_aRicoeur, Paul _d1913-2005 |
|
| 245 | 1 | 0 | _aCivilización universal y cultura nacional |
| 260 |
_aBuenos Aires _bDocencia _c1986 |
||
| 300 | 0 | _a30 p. | |
| 650 | 4 | _aHISTORIA CULTURAL | |
| 650 | 4 | _aCIVILIZACION | |
| 650 | 4 | _aFILOSOFIA CULTURAL | |
| 650 | 4 | _aANTROPOLOGIA CULTURAL Y SOCIAL | |
| 650 | 4 | _aESTUDIOS CULTURALES | |
| 650 | 4 | _aHISTORIA DE LAS IDEAS | |
| 650 | 4 | _aHISTORIA DE LA FILOSOFIA | |
| 700 | 1 |
_aPrelooker, Mauricio M. _etraductor |
|
| 942 | _cBK | ||
| 998 | _cMARTIN | ||
| 999 |
_c2344 _d2344 |
||